MARC

Tag First Indicator Second Indicator Subfields
LEADER 00000cam a2200000I 4500
001 in00002372313
005 20151109045720.0
008 801204s1892 sp 000 0 spa d
035 |a (OCoLC)ocm06996489 
035 |a (OCoLC)6996489 
040 |a AZS  |c AZS  |d DIBAM  |d TXA  |d UtOrBLW 
049 |a TXAM 
090 |a G420.M2  |b N8 
090 |a G420.M2  |b N8 1892 
100 1 |a Novo y Colson, Pedro de,  |d 1846-1931. 
245 1 0 |a Magallanes y Elcáno /  |c conferencia de d. Pedro Novo y Colson, leída el día 17 de marzo de 1892. 
264 1 |a Madrid :  |b Establecimiento tip. "Sucesores de Rivadeneyra,",  |c 1892. 
300 |a 25 pages ;  |c 26 cm. 
336 |a text  |b txt  |2 rdacontent 
337 |a unmediated  |b n  |2 rdamedia 
338 |a volume  |b nc  |2 rdacarrier 
490 1 |a Ateneo de Madrid [Conferencias publicas ... no. 36] 
500 |a Cushing Library Rare Books copy forms part of the Lee Fontanella Collection. 
600 1 0 |a Magalhães, Fernão de,  |d -1521. 
600 1 0 |a Elcano, Juan Sebastián de,  |d approximately 1476-1526. 
600 1 7 |a MAGALLANES, HERNANDO DE,  |d 1480-1521.  |2 renib 
600 1 7 |a ELCANO, JUAN SEBASTIAN DE,  |d 1460-1526.  |2 renib 
650 7 |a EXPLORADORES  |z ESPAÑA  |x BIOGRAFIAS.  |2 renib 
810 2 |a Ateneo Científico, Literario y Artístico de Madrid.  |t Conferencias publicadas ;  |v 36. 
948 |a cataloged  |b h  |c 2008/5/2  |d c  |e vilik  |f 10:05:01 am 
994 |a C0  |b TXA 
999 |a MARS 
999 f f |s 4e9602fc-c76d-3eba-94dc-5027cb684a74  |i ad944946-4d21-3734-a241-be54732b7107  |t 0 
952 f f |p noncirc  |a Texas A&M University  |b College Station  |c Cushing Memorial Library & Archives  |d Cushing: Rare Books (Does not check out)  |t 0  |e G420.M2 N8 1892  |h Library of Congress classification  |i unmediated -- volume 
998 f f |a G420.M2 N8 1892  |t 0  |l Cushing: Rare Books (Does not check out)